|
|
|
|
| LEADER |
00000nab a2200000 a 4500 |
| 001 |
vtls000849849 |
| 003 |
SK-MaSNL |
| 005 |
20260305035443.0 |
| 008 |
250429c2002 xo 0 slo |
| 015 |
|
|
|a SNBRB2003/10-29400
|
| 035 |
|
|
|a CLN000201504
|
| 035 |
|
|
|a urn:nbn:sk:snk-ab34yy
|
| 035 |
|
|
|a (urnnbn)urn:nbn:sk:snk:ar-a061cf
|
| 035 |
|
|
|a (uuid)f306eedc-53e9-4265-bd60-3b11bc0c49df
|
| 040 |
|
|
|a SNKBUCL
|b slo
|c SNKBUCL
|e AACR2
|
| 041 |
0 |
|
|a slo
|
| 044 |
|
|
|a xo
|c SK
|
| 080 |
|
|
|a 612.015.6:577.161.2
|2 1997
|
| 080 |
|
|
|a 577.161.2
|2 1997
|
| 100 |
1 |
|
|a Bernasovská, Gabriela
|4 aut
|9 496471
|
| 245 |
1 |
0 |
|a Biologické účinky vitamínu D
|c G. Bernasovská, V. Spustová, M. Pavlovič
|
| 300 |
|
|
|b Obr., tab.
|
| 504 |
|
|
|a Bibliogr. odkazy
|
| 504 |
|
|
|a Res. slov., angl.
|
| 650 |
0 |
7 |
|a vitamín D
|2 snkbucl
|9 50549
|
| 650 |
0 |
7 |
|a kalcitriol
|x účinky genomické
|2 snkbucl
|9 1618073
|
| 655 |
|
7 |
|a články z novín a časopisov
|2 snkbucl
|9 267496
|
| 700 |
1 |
|
|a Spustová, Viera,
|d 1947-
|4 aut
|9 240811
|
| 700 |
1 |
|
|a Pavlovič, M.
|4 aut
|9 828840
|
| 773 |
0 |
|
|t Detský lekár
|g Roč. 9, č. 4 (2002), s. 16-20
|x 1335-0838
|
| 850 |
|
|
|a Slovenská národná knižnica
|
| 852 |
|
|
|a Slovenská národná knižnica
|
| 954 |
|
|
|a odborná, vedecká literatúra pôvodná (slovenská)
|2 lita
|
| 958 |
|
|
|a article27
|
| 958 |
|
|
|a MI
|
| 958 |
|
|
|a NB
|
| 958 |
|
|
|a OND
|
| 958 |
|
|
|a EUIPO
|
| 992 |
|
|
|a RBX
|
| 999 |
|
|
|c 3333910
|d 3335840
|